Emotional excellence -A course in selfmastery (Record no. 91709)
[ view plain ]
| 000 -LEADER | |
|---|---|
| fixed length control field | 00408nam a2200157Ia 4500 |
| 008 - FIXED-LENGTH DATA ELEMENTS--GENERAL INFORMATION | |
| fixed length control field | 230125s9999 xx 000 0 und d |
| 041 ## - LANGUAGE CODE | |
| Language code of text/sound track or separate title | eng |
| 082 ## - DEWEY DECIMAL CLASSIFICATION NUMBER | |
| Classification number | 658 |
| Item number | PHI |
| 100 ## - MAIN ENTRY--PERSONAL NAME | |
| Personal name | Philips M |
| 9 (RLIN) | 114341 |
| 245 ## - TITLE STATEMENT | |
| Title | Emotional excellence -A course in selfmastery |
| 260 ## - PUBLICATION, DISTRIBUTION, ETC. (IMPRINT) | |
| Date of publication, distribution, etc. | 2000 |
| Name of publisher, distributor, etc. | Element shaftesbury |
| 300 ## - PHYSICAL DESCRIPTION | |
| Extent | 285p |
| 500 ## - GENERAL NOTE | |
| Keywords | General management |
| 700 ## - ADDED ENTRY--PERSONAL NAME | |
| Personal name | Philips M |
| 9 (RLIN) | 114341 |
| Withdrawn status | Lost status | Damaged status | Not for loan | Home library | Current library | Date acquired | Vendor | Cost, normal purchase price | Full call number | Barcode | Date last seen | Cost, replacement price | Bill Date | Koha item type | Original Barcode |
|---|---|---|---|---|---|---|---|---|---|---|---|---|---|---|---|
| Withdrawn | Smt. Hiraben Nanavati Institute of Management & Research for Women | Smt. Hiraben Nanavati Institute of Management & Research for Women | 18/11/2000 | Satya Gilani | 750.00 | 658 PHI DB0348 | HIMR-DB-348 | 25/01/2023 | 750.00 | 14/12/2000 | Donated Book | DB0348 |